CRS raises the stakes by taking its case to the House of Lords (Record no. 67105)

MARC details
000 -LEADER
fixed length control field 01048cam a2200253 4500
001 - CONTROL NUMBER
control field ABS63929
008 - FIXED-LENGTH DATA ELEMENTS--GENERAL INFORMATION
fixed length control field 000000n2001 000 0 eng u
035 ## - SYSTEM CONTROL NUMBER
System control number (Sirsi) u112714
100 ## - MAIN ENTRY--PERSONAL NAME
Personal name Franklin, K
245 ## - TITLE STATEMENT
Title CRS raises the stakes by taking its case to the House of Lords
260 ## - PUBLICATION, DISTRIBUTION, ETC.
Date of publication, distribution, etc. 2001
490 ## - SERIES STATEMENT
Series statement Architects' Journal
Volume/sequential designation 213(19) 17 May 2001, 40(1)
520 ## - SUMMARY, ETC.
Summary, etc. Considers the implications of "Co-operative Retail Services v Taylor Young Partnership" going to the House of Lords (HL). Points to the few other construction cases to end up in the HL, and highlights that these have been concerned with wide legal principles rather than interpretation of the JCT standard forms.
590 ## - LOCAL NOTE (RLIN)
Local note ABS
650 ## - SUBJECT ADDED ENTRY--TOPICAL TERM
Topical term or geographic name entry element CIVIL LIABILITY (CONTRIBUTION) ACT 1978
650 ## - SUBJECT ADDED ENTRY--TOPICAL TERM
Topical term or geographic name entry element INSURANCE POLICIES
650 ## - SUBJECT ADDED ENTRY--TOPICAL TERM
Topical term or geographic name entry element FIRE DAMAGE
650 ## - SUBJECT ADDED ENTRY--TOPICAL TERM
Topical term or geographic name entry element CONSTRUCTION CASES
650 ## - SUBJECT ADDED ENTRY--TOPICAL TERM
Topical term or geographic name entry element HOUSE OF LORDS
650 ## - SUBJECT ADDED ENTRY--TOPICAL TERM
Topical term or geographic name entry element JCT STANDARD FORMS
650 ## - SUBJECT ADDED ENTRY--TOPICAL TERM
Topical term or geographic name entry element CO-OPERATIVE RETAIL SERVICES V TAYLOR YOUNG PARTNERSHIP
690 ## - LOCAL SUBJECT ADDED ENTRY--TOPICAL TERM (OCLC, RLIN)
Topical term or geographic name as entry element BUILT ENVIRONMENT
942 ## - ADDED ENTRY ELEMENTS (KOHA)
Suppress in OPAC 0
Holdings
Withdrawn status Lost status Source of classification or shelving scheme Damaged status Not for loan Home library Current library Shelving location Date acquired Total Checkouts Full call number Barcode Date last seen Copy number Price effective from Koha item type
    Dewey Decimal Classification     London London Journal article 22/05/2001   ABS63929 112714-1001 06/08/2019 1 06/08/2019 Journal article